000 02528cam a2200169 4500500
005 20251228074335.0
041 _afre
042 _adc
100 1 0 _aBaron, Anne-Marie
_eauthor
245 0 0 _aBalzac modèle universel du romanesque cinématographique
260 _c2020.
500 _a3
520 _aBalzac est une référence incontournable pour les théoriciens de la littérature et du cinéma et, depuis les débuts du septième art, le modèle de tous les cinéastes en quête de romanesque. Car il a inventé le roman moderne, conçu comme une œuvre-monde aux personnages reparaissants, centrée sur des thèmes clés comme l’argent ou le statut social des femmes, et fondé sur des techniques narratives pré-cinématographiques. Tous les genres qu’il a pratiqués – le mélodrame, le roman d’éducation, le conte philosophique – ou qu’il a inventés – le roman policier –, ont été une source d’inspiration inépuisable pour le cinéma depuis les premiers temps jusqu’à nos jours. De Jean Epstein à Jacques Rivette et à Xavier Giannoli, d’Orson Welles à Quentin Tarantino et à Koji Fukada, le cinéma mondial emprunte ainsi sa forme, son écriture, et son goût du romanesque – dont il croyait pouvoir s’émanciper – à ce maître à penser qui continue encore aujourd’hui à l’inspirer.
520 _aSince the earliest days of the seventh art, Balzac has been a model for all filmmakers who aspire to the “romanesque”, and an indispensable reference for literary and film theorists. Balzac invented the modern novel, conceived as a world unto itself, with reappearing characters and stories centered on key themes such as money or the social status of women, all using pre-cinematographic narrative techniques. Every genre he developed –  melodrama, the educational novel, philosophical fiction  – or invented –  the detective novel  – has served as an inexhaustible source of inspiration for cinema from its beginnings to the present. From Jean Epstein to Jacques Rivette and to Xavier Giannoli, from Orson Welles to Quentin Tarantino and Koji Fukada, the style of world cinema –  which thought it could emancipate itself from writing and the “romanesque”  – can be traced back to this intellectual master who continues to inspire even today.
786 0 _nL'Année balzacienne | 21 | 1 | 2020-11-02 | p. 305-337 | 0084-6473
856 4 1 _uhttps://shs.cairn.info/revue-l-annee-balzacienne-2020-1-page-305?lang=fr&redirect-ssocas=7080
999 _c1597611
_d1597611